000 00754cam a22002174a 4500
005 20250605163957.0
008 250528s ||||||||||||||||||||||||d
035 _a15496
020 _a70068674
040 _aGR-AtMCL
_bgre
_dGR-AtMCL
_eAACR2
245 1 _aExcellence in Business Communication / Second Edition
250 _a2nd
260 _bMcgraw Hill Book Company,
_c1993
300 _a552
520 _aFoundations of Business Communication, The Writing Process, Letters and Memos and other Brief Messages, Reports and Proposals, Employment Messages, Oral Communication, Special Types of Business Communication.
700 1 _aBovee Courtland L
_91069
700 1 _aThill John V
_91070
942 _cBK
999 _c1075
_d1075